000 00671nam a2200193 u 4500
001 000800528
003 AM-YeHGA
005 20250618073916.0
008 110401s1937 ru a r 000 0 rus d
040 _aAM-YeHGA
041 1 _arus
_hger
100 1 _aКиш, Эгон Эрвин
245 1 0 _aРассказы о семи гeтто /
_cЭ. Э. Киш ; Пер, с нем. А. С. Бобовича.
260 _aЛенинград :
_bХудожественная литература,
_c1937.
300 _a126 с. :
_bил.
650 1 4 _aԳերմանական գրականություն
_95149
700 1 _aБобович, А.С.
_eпер.
_4trl
090 _c293051
999 _c291369
_d291369